Представление документа в формате RUSMARC

ПолеНазваниеЗначение
  Тип записи a
  Библиографический уровень a
001 Контрольный номер RU/CBS_Ul/BASE/548240015
005 Дата корректировки 20240209175212.9
100 Данные общей обработки __
a Данные общей обработки 20170516d2017 ||| 0rusy0189 ca
101 Язык документа 0_
a Язык текста rus
102 Страна публикации __
a Страна публикации RU
105 Кодированные данные (монография) __
a Кодированные данные (монография) y###||||000|y
181 Поле кодированных данных: вид содержания _1
a Код вида содержания (ISBD) i#
b Код характеристики содержания (ISBD) #xxe##
d i
g x
h x
i e
2 Код системы (источник кода, отличный от ISBD) isbdcontent
182 Поле кодированных данных: тип средства _1
a Код типа средства (ISBD) n
2 Код системы (источник кода, отличный от ISBD) isbdmedia
200 Заглавие и сведения об ответственности 1_
a Заглавие Военный Парад 24 июня 1945 года : триумф народа-победителя
b Общее обозначение материала Текст
f Первые сведения об ответственности Д. Санкин
w Текст (визуальный) : непосредственный
203 Вид содержания и тип средства __
a Вид содержания Текст
b Характеристика содержания визуальный
c Тип средства непосредственный
300 Общие примечания __
a Общие примечания Ограничения по возрасту - 6+
461 Уровень набора _0
1 2000
a Детская роман-газета
463 Уровень физической единицы _0
1 001RU/CBS_Ul/BASE/548238584
1 2000
a № 5
v С. 17-20
1 210
d 2017
600 Персоналии _0
a Персоналии (Фамилия) Сталин
b Персоналии (Имя, инициалы) И. В.
600 Персоналии _0
a Персоналии (Фамилия) Жуков
b Персоналии (Имя, инициалы) Г. К.
600 Персоналии _0
a Персоналии (Фамилия) Рокоссовский
b Персоналии (Имя, инициалы) К. К.
600 Персоналии _0
a Персоналии (Фамилия) Штеменко
b Персоналии (Имя, инициалы) С. М.
606 Тематические рубрики 0_
a Основная рубрика Парад Победы (1945; Москва, город)
y Географическая подрубрика Москва, город
z Хронологическая подрубрика 25.06.1945 г.
610 Ключевые слова 0_
a Ключевые слова Великая Отечественная война
610 Ключевые слова 0_
a Ключевые слова ВОВ
610 Ключевые слова 0_
a Ключевые слова участники Великой Отечественной войны
610 Ключевые слова 0_
a Ключевые слова парады
610 Ключевые слова 0_
a Ключевые слова военные парады
610 Ключевые слова 0_
a Ключевые слова парады победителей
610 Ключевые слова 0_
a Ключевые слова парады Победы
610 Ключевые слова 0_
a Ключевые слова победители
686 Индексы других классификаций __
a Классификационный индекс 63.3(2)622
2 Код системы ББК
700 Автор _1
a Фамилия Санкин
b Имя (инициалы) Д.
801 Источник записи _0
a Страна RU
b Организация МБУК ЦБС г. Ульяновска
c Дата составления 20170516
g Правила каталогизации RCR
801 Источник записи _1
a Страна RU
b Организация МБУК ЦБС г. Ульяновска
c Дата составления 20170516
g Правила каталогизации RCR
901 Тип документа __
t Тип документа b
w Контрольный № источника RU/CBS_Ul/BASE/548238584
910 Корректоры записи __
a Корректор записи Сидоркина
938 Служебная информация __
a Имя БД period